Statistiques concernant Traduction fr-en: le temps / the time

Cliquez ici pour prendre le quiz!

Statistiques générales

  • Ce quiz a été pris 71 fois
  • Le résultat moyen est 9 sur 10

Statistiques - réponses

Mots en fr/ Words in frMots en en/ Words in en% Correct
Un jourA day
100%
Une minuteA minute
100%
Une secondeA second
100%
Une heureAn hour
98%
Une semaineA week
98%
Une annéeA year
98%
Un moisA month
95%
Un siècleA century
74%
Une décennieA decade
62%
Un millénaireA millenium
42%

Distribution des résultats

Percentile par nombre de réponses

% des personnes avec chaque résultat

Votre développement - résultats

Vous n’avez pas pris ce quiz